Top Goalscorer in Each Year of the Copa del Rey - Statistics

General Stats
  • This quiz has been taken 70 times
    11 since last reset
  • The average score is 17 of 56
Answer Stats
Answer % Correct
Cristiano Ronaldo
91%
Lionel Messi
91%
Luis Suárez
82%
Diego Costa
73%
Ferran Torres
73%
Iago Aspas
73%
Neymar
73%
Raúl
73%
Rivaldo
55%
Thierry Henry
55%
Javier Saviola
45%
Munir El Haddadi
45%
Alexander Isak
36%
Borja Iglesias
36%
Claudio López
36%
Emilio Butragueño
36%
Guti
36%
Jimmy Floyd Hasselbaink
36%
Kike García
36%
Raul Garcia
36%
Rodrigo Moreno
36%
Álvaro Negredo
27%
Anastasios Douvikas
27%
Iván Zamorano
27%
Karl Toko Ekambi
27%
Maxi Rodríguez
27%
Wissam Ben Yedder
27%
Abdón Prats
18%
Asier Villalibre
18%
Ewerthon
18%
Joaquín
18%
Juan Mata
18%
Julio Salinas
18%
Luboslav Penev
18%
Luís Fabiano
18%
Michel
18%
Milinko Pantić
18%
Nikola Žigić
18%
Paulo Futre
18%
Vladimir Gudelj
18%
Ángel
9%
Barata
9%
Claudio Barragán
9%
Constantin Gâlcă
9%
Diego Klimowicz
9%
Gabriel Moya
9%
Igor Arenaza
9%
Iñaki Muñoz
9%
Javier Portillo
9%
John Guidetti
9%
Luis Cembranos
9%
Pablo Infante
9%
Salva
9%
Sergio León
9%
Víctor Curto
9%
Yordi
9%
No matching quizzes found
Score Distribution
Percent of People with Each Score
Percentile by Number Answered
Your Score History
You have not taken this quiz since the last reset